Países produtores de cortiça. - Statistics

Estatísticas Gerais
  • Esse quiz foi jogado 16 vezes
  • A pontuação média é 6 de 7
Estatísticas das Respostas
Hint Resposta % Correto
2.6% França
100%
3.1% Itália
100%
30.5% Espanha
93%
49.6% Portugal
86%
4.9% Argélia
79%
5.8% Marrocos
79%
3.5% Tunísia
64%
Nenhum quiz correspondente encontrado
Distribuição das Pontuações
Porcentagem de Pessoas com Cada Pontuação
Percentil de Números Respondidos
Sua Pontuação Histórica
Você não jogou esse quiz